| 000 | 00776nam a2200217 a 4500 | ||
|---|---|---|---|
| 001 | 000030877 | ||
| 005 | 20240408134828.0 | ||
| 008 | 110602s1945 dr r 000 f spa d | ||
| 040 |
_aDO-SdBNP _bspa _cBNPHU |
||
| 082 |
_aRD863.44 _bS232h |
||
| 100 | 1 |
_aSantos Suriel, Pablo _957410 |
|
| 245 | 1 | 3 |
_aEl héroe olvidado : _bnovela histórica / _cPedro Santana ; prólogo Pablo Santo Suriel. |
| 260 |
_aCiudada Trujillo, República Dominicana : _bs.n., _c1945. |
||
| 300 |
_a168 p. ; _c22 cm. |
||
| 590 | _aInventariado, 2018/LP | ||
| 600 | 0 |
_aSantana, Pedro. _d1801-1864 _96546 |
|
| 650 | 0 |
_aNovela histórica dominicana. _9860 |
|
| 650 | 0 |
_aLiteratura histórica dominicana _924340 |
|
| 700 | 1 |
_aSanto Suriel, Pablo, _epról. _957411 |
|
| 910 | _aValidado. Control de calidad MFF | ||
| 999 |
_c30369 _d30369 |
||